000 00750nam a2200289Ia 4500
005 20260324133224.0
008 008 260324s9999 xx 000 0 eng d
020 _a9781315784137
037 _aEBOOK
040 _aCRL
040 _beng
040 _cCRL
041 _2eng
041 _aeng
084 _qCRL
100 _aMichael J. Platow; Daan van Knippenberg; Naomi Ellemers; S. Alexander Haslam
_91192256
245 0 _aSocial Identity at Work
245 0 _bDeveloping Theory for Organizational Practice
260 _bTaylor and Francis
260 _c2003
365 _a
365 _b230
856 _uhttp://www.taylorfrancis.com/books/9781315784137
942 _cEBOOK
999 _c1791119
_d1791119